La nueva república española / (Record no. 176614)

MARC details
000 -LEADER
campo de control de longitud fija 00614nam a22001815i 4500
001 - NÚMERO DE CONTROL
campo de control 176614
003 - IDENTIFICADOR DE NÚMERO DE CONTROL
campo de control ES-MaACL
005 - FECHA Y HORA DE LA ÚLTIMA TRANSACCIÓN
campo de control 20230906220135.0
008 - DATOS DE LONGITUD FIJA--INFORMACIÓN GENERAL
campo de control de longitud fija 110126s2001 sp a |||| | spa d
020 ## - NÚMERO INTERNACIONAL ESTÁNDAR DEL LIBRO
Número Internacional Estándar del Libro 84-607-2172-8
080 ## - NÚMERO DE LA CLASIFICACIÓN DECIMAL UNIVERSAL
Número de la Clasificación Decimal Universal 321.728(460)
100 1# - ENTRADA PRINCIPAL--NOMBRE DE PERSONA
Nombre de persona Rodríguez-Sabugo Fernández, José Ramón.
9 (RLIN) 144879
245 13 - MENCIÓN DEL TÍTULO
Título La nueva república española /
Mención de responsabilidad, etc. José Ramón Rodríguez-Sabugo Fernández.
260 ## - PUBLICACIÓN, DISTRIBUCIÓN, ETC.
Lugar de publicación, distribución, etc. [s. l.] :
Nombre del editor, distribuidor, etc. José Ramón Rodríguez-Sabugo Fernández,
Fecha de publicación, distribución, etc. imp. 2001.
300 ## - DESCRIPCIÓN FÍSICA
Extensión 62 p. :
Otras características físicas il. bl. y n. ;
Dimensiones 17 cm.
650 #4 - PUNTO DE ACCESO ADICIONAL DE MATERIA--TÉRMINO DE MATERIA
Término de materia o nombre geográfico como elemento de entrada Républica-
Subdivisión geográfica España.
9 (RLIN) 142785
852 ## - LOCALIZACIÓN
Ubicación ES-MaACL
Número de control de estantería 2270-F-8
Holdings
Estatus retirado Estado de pérdida Estado de daño No para préstamo Colección Biblioteca de origen Biblioteca actual Ubicación en estantería Fecha de adquisición Fuente de adquisición Total de préstamos Signatura topográfica completa Código de barras Visto por última vez Precio de reemplazo Tipo de ítem Koha
        Colección de folletos Biblioteca del Ateneo de Madrid Biblioteca del Ateneo de Madrid Depósito folletos 26/01/2011     2270-F-8 1185475 23/02/2023 23/02/2023 Folleto